=LDR 00000nam 2200000 4500 =001 INLIS000000000033377 =005 20130612135332 =008 ***********************************Ind** =035 ##$$0010-061300000033377 =041 ##$$a Ind =082 ##$$a 371.32 =090 ##$$a 371.32, And p =100 ##$$a Anderson,Ronald H =245 ##$$a Pemilihan dan pengembangan media untuk pembelajaran, Ronald H. Anderson =260 ##$$a 1987 $b Jakarta =300 ##$$a xxii,248 hlm., 21 cm =650 ##$$a Media Pendidikan =850 ##$$a NBPNMAT